Economic reforms in new democracies : a social-democratic approach
Saved in:
| Main Author: | |
|---|---|
| Other Authors: | , |
| Format: | Book |
| Language: | English |
| Published: |
Cambridge :
Cambridge University Press,
c1993
|
| Subjects: | |
| Tags: |
Add Tag
No Tags, Be the first to tag this record!
|
MARC
| LEADER | 00000nam a2200000 i 4500 | ||
|---|---|---|---|
| 001 | 1/20126 | ||
| 008 | 960704s1993 eng d | ||
| 020 | |a 0-521-43845-4 | ||
| 035 | |l 10021493 | ||
| 040 | |a GR-MY-UA |b gre |e aacr | ||
| 041 | 0 | |a eng | |
| 082 | 0 | |a 338.98 | |
| 100 | 1 | |a Pereira, Luiz Carlos Bresser. | |
| 245 | 1 | 0 | |a Economic reforms in new democracies : |b a social-democratic approach / |c Luiz Carlos Bresser Pereira ; Jose Maria Maravall, Adam Przeworski |
| 260 | |a Cambridge : |b Cambridge University Press, |c c1993 | ||
| 300 | |a 227 p. | ||
| 500 | |a Includes index | ||
| 650 | 0 | 0 | |a Mixed economy |z Latin America. |
| 650 | 0 | 0 | |a Democracy |z Latin America. |
| 650 | 0 | 0 | |a Mixed economy |z Europe, Southern. |
| 650 | 0 | 0 | |a Democracy |z Europe, Southern. |
| 650 | 0 | 0 | |a Post-communism |z Europe, Eastern. |
| 650 | 0 | 0 | |a Democracy |z Europe, Eastern. |
| 651 | 0 | |a Latin America |x Economic policy. | |
| 651 | 0 | |a Europe, Southern |x Economic policy. | |
| 651 | 0 | |a Europe, Eastern |x Economic policy. | |
| 700 | 1 | |a Maravall, Jose Maria. | |
| 700 | 1 | |a Przeworski, Adam. | |
| 852 | |a INST |b CHIOS |e 19960704 |h 338.98 PER |p 005200001666 |q 005200001666 |t BK |y 0 | ||
| 909 | |a Χ |b 040330 | ||